[Event "4NCL Online Division 3"]
[Site "online"]
[Date "2021.11.16"]
[EventDate "2021.11.16"]
[Round "7.82"]
[White "Brown, Graham K"]
[WhiteElo "1718"]
[WhiteTeam "Stroud Oldies"]
[Black "Moore, Steve N"]
[BlackElo "1876"]
[BlackTeam "Broadland Falco Duboisi"]
[Result "0-1"]
[PlyCount "82"]

1. h3 d5 2. e4 dxe4 3. Nc3 Nf6 4. Qe2 g6 5. Nxe4 Bg7 6. Nxf6+ Bxf6 7. d3 Nc6 8. c3 O-O 9. Bh6 Re8 10. Nf3 Qd5 11. Qe4 Qa5 12. Bd2 Bf5 13. Qe3 Qd5 14. g4 Bd7 15. Bg2 Qe6 16. O-O Qxe3 17. Bxe3 e5 18. Nd2 Bg7 19. f4 Rad8 20. Rae1 f5 21. g5 Be6 22. Bxc6 bxc6 23. fxe5 Rxd3 24. Nf3 Bxa2 25. Bxa7 Bd5 26. Re3 Rxe3 27. Bxe3 Bxf3 28. Rxf3 Bxe5 29. Kf2 Bd6 30. Bd4 Re4 31. Bf6 Rf4 32. Rxf4 Bxf4 33. Ke2 Kf7 34. Bd8 Ke6 35. Kd3 Be5 36. Ke3 Kd7 37. Bf6 Bxf6 38. gxf6 Ke6 39. Kd4 Kxf6 40. Kc5 f4 41. Kd4 Kf5 0-1

[Event "4NCL Online Division 3"]
[Site "online"]
[Date "2021.11.16"]
[EventDate "2021.11.16"]
[Round "7.83"]
[White "Stephanides, Costakis"]
[WhiteElo "1341"]
[WhiteTeam "Broadland Falco Duboisi"]
[Black "Walker, Adrian"]
[BlackElo "1688"]
[BlackTeam "Stroud Oldies"]
[Result "1-0"]
[PlyCount "51"]

1. c4 e5 2. g3 Nc6 3. Bg2 f5 4. Nc3 Nf6 5. a3 a5 6. e3 Bc5 7. Nge2 O-O 8. O-O d6 9. d4 exd4 10. exd4 Bb6 11. Bg5 Qe8 12. Bxf6 Rxf6 13. Nd5 Rh6 14. c5 dxc5 15. dxc5 Bxc5 16. Nxc7 Qh5 17. h4 Rd6 18. Qb3+ Kh8 19. Nf4 Qg4 20. Nxa8 Nd4 21. Rae1 Rd8 22. Qd5 Bd7 23. Qxd7 Nf3+ 24. Kh1 Rg8 25. Re8 Bf8 26. Qf7 1-0

[Event "4NCL Online Division 3"]
[Site "online"]
[Date "2021.11.16"]
[EventDate "2021.11.16"]
[Round "7.84"]
[White "Reekie-Black, Matthew"]
[WhiteElo "1601"]
[WhiteTeam "Stroud Oldies"]
[Black "Fowler, David"]
[BlackElo "1431"]
[BlackTeam "Broadland Falco Duboisi"]
[Result "0-1"]
[PlyCount "62"]

1. e4 g6 2. d4 Bg7 3. Nc3 d6 4. Bg5 Nc6 5. Bb5 Bd7 6. Nf3 a6 7. Bxc6 Bxc6 8. d5 Bd7 9. Qd2 c6 10. O-O-O b5 11. Kb1 c5 12. a3 Qc7 13. e5 dxe5 14. d6 exd6 15. Qxd6 Qxd6 16. Rd5 Qe6 17. Nxe5 f6 18. Nf3 Ne7 19. Rxc5 fxg5 20. Nxg5 Qd6 21. Nge4 Qf4 22. g3 Qf3 23. Nd6+ Kf8 24. Re1 Qxf2 25. Re2 Qxc5 26. Nce4 Qe5 27. Rf2+ Nf5 28. c3 Ke7 29. Nxf5+ Bxf5 30. Ka1 Bxe4 31. Re2 Rhf8 0-1

[Event "4NCL Online Division 3"]
[Site "online"]
[Date "2021.11.16"]
[EventDate "2021.11.16"]
[Round "7.91"]
[White "Robinson, Adam"]
[WhiteElo "1982"]
[WhiteTeam "Hackney Thirsty"]
[Black "Vaidya, Raghav"]
[BlackElo "1830"]
[BlackTeam "Barnet Knights B"]
[Result "1-0"]
[PlyCount "45"]

1. e4 c5 2. Nf3 d6 3. Bb5+ Bd7 4. Bxd7+ Qxd7 5. O-O Nc6 6. c3 d5 7. e5 d4 8. cxd4 Nxd4 9. Nc3 g6 10. Re1 Bg7 11. Ne4 Nxf3+ 12. Qxf3 Bxe5 13. Nxc5 Bxh2+ 14. Kh1 Qc7 15. d4 Bd6 16. Nxb7 Rc8 17. Bd2 Kd7 18. Rac1 Qb6 19. Rxc8 Kxc8 20. Nxd6+ Qxd6 21. Bf4 Qb6 22. Rc1+ Kd7 23. Qd5+ 1-0

[Event "4NCL Online Division 3"]
[Site "online"]
[Date "2021.11.16"]
[EventDate "2021.11.16"]
[Round "7.92"]
[White "Vyas, Alisha"]
[WhiteElo "1725"]
[WhiteTeam "Barnet Knights B"]
[Black "Wright, Robert"]
[BlackElo "1969"]
[BlackTeam "Hackney Thirsty"]
[Result "0-1"]
[PlyCount "110"]

1. e4 c5 2. c3 Nf6 3. e5 Nd5 4. d4 cxd4 5. Nf3 Nc6 6. cxd4 d6 7. Bc4 Nb6 8. Bb5 Bd7 9. exd6 exd6 10. O-O Be7 11. Nc3 O-O 12. h3 Re8 13. Be3 a6 14. Bd3 d5 15. Rc1 Bf6 16. Re1 Be6 17. Bb1 Nc4 18. b3 Nxe3 19. Rxe3 Rc8 20. Qd3 g6 21. Rce1 Qd7 22. Na4 Nb4 23. Qd2 Qb5 24. a3 Nc6 25. Nc5 Nd8 26. Bd3 Qc6 27. Ne5 Qc7 28. Rf3 Bxe5 29. Rxe5 b6 30. Nxe6 Nxe6 31. Bxa6 Ra8 32. Bb5 Rec8 33. Rxd5 Rxa3 34. Re3 Ra1+ 35. Re1 Qf4 36. Qxf4 Rxe1+ 37. Kh2 Nxf4 38. Rd6 Re6 39. Rd7 Rc2 40. Kg3 Nh5+ 41. Kh4 Rxf2 42. Bc4 Ref6 43. g4 Nf4 44. Kg3 Ne2+ 45. Kh4 h6 46. Bxe2 Rxe2 47. Rd8+ Kg7 48. Kg3 Re3+ 49. Kg2 Rxb3 50. d5 Rd3 51. h4 b5 52. g5 hxg5 53. hxg5 Ra6 54. d6 Ra2+ 55. Kf1 Rd1# 0-1

[Event "4NCL Online Division 3"]
[Site "online"]
[Date "2021.11.16"]
[EventDate "2021.11.16"]
[Round "7.93"]
[White "Ciesielski, Marceli"]
[WhiteElo "1777"]
[WhiteTeam "Hackney Thirsty"]
[Black "Sanfey, Gregor"]
[BlackElo "1660"]
[BlackTeam "Barnet Knights B"]
[Result "1-0"]
[PlyCount "75"]

1. d4 Nf6 2. Bf4 e6 3. e3 Bd6 4. Bg3 b6 5. c4 Bb7 6. Nc3 a6 7. Nf3 Nc6 8. a3 Ne7 9. Be2 Nf5 10. Qc2 h5 11. e4 Bf4 12. Bxf4 Ne7 13. e5 Ng4 14. h3 Nh6 15. Rd1 d5 16. cxd5 Nxd5 17. Nxd5 Bxd5 18. O-O Nf5 19. Rfe1 Rg8 20. Qc3 g5 21. Bxg5 Rxg5 22. Nxg5 Qxg5 23. Bf3 O-O-O 24. Bxd5 Rxd5 25. Rc1 c5 26. dxc5 Rxc5 27. f4 Qxf4 28. Rf1 Qg5 29. Qe1 Qe7 30. Rxc5+ Qxc5+ 31. Qf2 Nd4 32. Kh1 Qxe5 33. Qxf7 Nf5 34. Rc1+ Kd8 35. Qf8+ Kd7 36. Qc8+ Ke7 37. Rc7+ Kf6 38. Qh8+ 1-0

[Event "4NCL Online Division 3"]
[Site "online"]
[Date "2021.11.16"]
[EventDate "2021.11.16"]
[Round "7.94"]
[White "Sarkar, Rian"]
[WhiteElo "1539"]
[WhiteTeam "Barnet Knights B"]
[Black "Scott, David"]
[BlackElo "1818"]
[BlackTeam "Hackney Thirsty"]
[Result "0-1"]
[PlyCount "74"]

1. d4 d5 2. c4 e6 3. Nf3 Nf6 4. Nc3 Bb4 5. Bg5 c5 6. e3 Nbd7 7. Rc1 Qa5 8. Nd2 cxd4 9. exd4 dxc4 10. Bh4 b5 11. a3 Bxc3 12. Rxc3 Bb7 13. Be2 O-O 14. O-O Qb6 15. Nf3 Nd5 16. Rc1 Nf4 17. Bg3 Nxe2+ 18. Qxe2 Nf6 19. Rfd1 Rfd8 20. Be5 Nd5 21. Rd2 Ne7 22. Rcd1 Nf5 23. d5 Rxd5 24. Rxd5 Bxd5 25. Bc3 Bxf3 26. Qxf3 Rd8 27. Rxd8+ Qxd8 28. g4 Ne7 29. Qe3 Qd1+ 30. Kg2 Qxg4+ 31. Kh1 Nd5 32. Qe5 h5 33. Qb8+ Kh7 34. Qxb5 Qf3+ 35. Kg1 Nf4 36. Qxh5+ Qxh5 37. Bd4 Qd1# 0-1

[Event "4NCL Online Division 3"]
[Site "online"]
[Date "2021.11.16"]
[EventDate "2021.11.16"]
[Round "7.101"]
[White "Hall, John"]
[WhiteElo "2056"]
[WhiteTeam "Spirit of Atticus B"]
[Black "Murphy, James A"]
[BlackElo "1960"]
[BlackTeam "Urmston and Stretford"]
[Result "1-0"]
[PlyCount "87"]

1. e4 c5 2. Nf3 Nc6 3. c3 d5 4. exd5 Qxd5 5. d4 Bg4 6. Be2 cxd4 7. cxd4 e5 8. Nc3 Bb4 9. O-O Qa5 10. dxe5 Nge7 11. Be3 O-O 12. a3 Bxc3 13. bxc3 Rfd8 14. Qb3 Nxe5 15. Nxe5 Bxe2 16. Nxf7 Qd5 17. Qxd5 Rxd5 18. Rfe1 Bh5 19. Ng5 Rc8 20. Nh3 Rxc3 21. Nf4 Rf5 22. Nxh5 Rxh5 23. Bd4 Rc7 24. Bxa7 b5 25. Be3 Nd5 26. Rac1 Rxc1 27. Rxc1 Nxe3 28. fxe3 Kf7 29. Kf2 Ke6 30. h3 Kd6 31. e4 Re5 32. Ke3 Rg5 33. Kf3 h5 34. g3 Rg6 35. Rd1+ Kc5 36. e5 Ra6 37. Rd3 g5 38. Ke4 g4 39. hxg4 hxg4 40. Rc3+ Kb6 41. Kf5 b4 42. axb4 Kb5 43. e6 Kxb4 44. Re3 1-0

[Event "4NCL Online Division 3"]
[Site "online"]
[Date "2021.11.16"]
[EventDate "2021.11.16"]
[Round "7.102"]
[White "Logan, Vincent"]
[WhiteElo "1908"]
[WhiteTeam "Urmston and Stretford"]
[Black "Ellames, Roy"]
[BlackElo "2027"]
[BlackTeam "Spirit of Atticus B"]
[Result "0-1"]
[PlyCount "112"]

1. d4 d5 2. Nf3 c5 3. e3 Nf6 4. c3 e6 5. Bd3 Nbd7 6. O-O b6 7. Nbd2 Bb7 8. Qe2 Ne4 9. a3 g6 10. Bxe4 dxe4 11. Ne1 Bg7 12. b4 O-O 13. Bb2 Qe7 14. Nc2 e5 15. dxc5 bxc5 16. Rfd1 Rac8 17. Nb3 Qe6 18. Na5 Rc7 19. Nxb7 Rxb7 20. Rd2 Nb6 21. Rad1 Nc4 22. Bc1 Nxd2 23. Rxd2 Rd7 24. Rxd7 Qxd7 25. b5 Rd8 26. Na1 Qd1+ 27. Qf1 Qxf1+ 28. Kxf1 Rd1+ 29. Ke2 Rxc1 30. Nb3 Rxc3 31. Nd2 f5 32. Kd1 Rxa3 33. Kc2 Ra5 34. Kc3 Rxb5 35. Kc4 a6 36. Nb3 Rxb3 37. Kxb3 Kf7 38. Ka4 Ke6 39. Ka5 Kd6 40. Ka4 f4 41. Kb3 Kd5 42. Kc3 Bh6 43. Kc2 fxe3 44. fxe3 Bxe3 45. h3 Kd4 46. Kd1 c4 47. h4 c3 48. Kc2 Bd2 49. g4 e3 50. h5 e2 51. hxg6 hxg6 52. g5 e1=Q 53. Kb3 Qb1+ 54. Ka4 Qb5+ 55. Ka3 Bc1+ 56. Ka2 Qb2# 0-1

[Event "4NCL Online Division 3"]
[Site "online"]
[Date "2021.11.16"]
[EventDate "2021.11.16"]
[Round "7.111"]
[White "Patel, Krrish"]
[WhiteElo "1622"]
[WhiteTeam "Harrow 3"]
[Black "Nunn, John D M"]
[BlackTitle "GM"]
[BlackElo "2573"]
[BlackTeam "Bude Surfers A"]
[Result "0-1"]
[PlyCount "103"]

1. d4 Nf6 2. Bf4 d5 3. Nc3 c5 4. e3 cxd4 5. exd4 a6 6. Nf3 Nc6 7. Be2 Bf5 8. O-O e6 9. a3 Be7 10. h3 Rc8 11. Bd3 Bg6 12. Ne2 Qb6 13. Bxg6 hxg6 14. Qc1 Ne4 15. c3 Na5 16. Qc2 g5 17. Bg3 Nc4 18. Rab1 f5 19. Ne5 Ncd2 20. Qa4+ Qb5 21. Qxb5+ axb5 22. Rfe1 Nxb1 23. Rxb1 f4 24. Bh2 Nd2 25. Rd1 Nc4 26. Nd3 Bd6 27. f3 Kf7 28. Kf2 Kf6 29. Re1 Rce8 30. Bg1 e5 31. dxe5+ Bxe5 32. Kf1 Nd2+ 33. Kf2 Bb8 34. Nd4 Ba7 35. Nb4 Bxd4+ 36. cxd4 Rxe1 37. Kxe1 Nc4 38. Nxd5+ Kf7 39. Nc7 b4 40. axb4 Rc8 41. Nd5 Ra8 42. b3 Ra1+ 43. Ke2 Ra2+ 44. Kd3 Nd6 45. Nc3 Rxg2 46. Ne2 Nf5 47. d5 Ng3 48. Nxg3 fxg3 49. Bc5 Ra2 50. d6 Ke6 51. Ke3 g2 52. Ke4 0-1

[Event "4NCL Online Division 3"]
[Site "online"]
[Date "2021.11.16"]
[EventDate "2021.11.16"]
[Round "7.112"]
[White "Fink-Nunn, Petra"]
[WhiteTitle "WFM"]
[WhiteElo "2064"]
[WhiteTeam "Bude Surfers A"]
[Black "Nettleton, Robin"]
[BlackElo "1394"]
[BlackTeam "Harrow 3"]
[Result "1-0"]
[PlyCount "57"]

1. e4 c6 2. d4 d5 3. f3 e6 4. Nc3 Bb4 5. Bf4 Ne7 6. Qd3 O-O 7. Ne2 Nd7 8. O-O-O Nb6 9. a3 Bd6 10. e5 Bc7 11. Kb1 Nc4 12. Bc1 b5 13. b3 Nb6 14. f4 a5 15. Na2 Ng6 16. h4 Nxh4 17. Qh3 h6 18. Qxh4 a4 19. g4 Qxh4 20. Rxh4 axb3 21. cxb3 Bd8 22. Rh3 Be7 23. Nb4 Bd7 24. Bg2 c5 25. dxc5 Bxc5 26. g5 hxg5 27. fxg5 f5 28. g6 Be8 29. Nf4 1-0

[Event "4NCL Online Division 3"]
[Site "online"]
[Date "2021.11.16"]
[EventDate "2021.11.16"]
[Round "7.113"]
[White "Dilukshan, Manoharan"]
[WhiteElo "1392"]
[WhiteTeam "Harrow 3"]
[Black "Lingard, Geoffrey W"]
[BlackElo "1743"]
[BlackTeam "Bude Surfers A"]
[Result "0-1"]
[PlyCount "34"]

1. e4 d5 2. Nf3 dxe4 3. Ng1 Nf6 4. Nc3 e5 5. Bc4 Nc6 6. Bb5 Bd7 7. Bxc6 Bxc6 8. Nge2 Bc5 9. Ng3 Qd7 10. O-O O-O-O 11. Kh1 h5 12. d3 h4 13. Nge2 exd3 14. cxd3 h3 15. Ne4 hxg2+ 16. Kxg2 Qh3+ 17. Kg1 Qxh2# 0-1

[Event "4NCL Online Division 3"]
[Site "online"]
[Date "2021.11.16"]
[EventDate "2021.11.16"]
[Round "7.114"]
[White "Richards, Maurice A"]
[WhiteElo "1497"]
[WhiteTeam "Bude Surfers A"]
[Black "Walker, David J R"]
[BlackElo "1282"]
[BlackTeam "Harrow 3"]
[Result "1-0"]
[PlyCount "105"]

1. Nf3 d5 2. d4 Nc6 3. g3 e6 4. Bg2 Nf6 5. O-O Be7 6. b3 O-O 7. Bb2 Re8 8. Nbd2 Bb4 9. a3 Be7 10. Re1 Bd7 11. e4 dxe4 12. Nxe4 Nxe4 13. Rxe4 f5 14. Re1 Bf6 15. Ne5 g6 16. Qd2 Bg7 17. Rad1 Rb8 18. c4 Qe7 19. b4 a6 20. h4 Red8 21. Qe2 Re8 22. Bc1 Bf6 23. Bf4 Kg7 24. Qd2 Rbd8 25. Nxc6 Bxc6 26. d5 Ba4 27. Rxe6 Qd7 28. Rde1 Qf7 29. Rxe8 Rxe8 30. Rxe8 Qxe8 31. Bxc7 Qd7 32. d6 Bc6 33. Bxc6 bxc6 34. Qe3 h5 35. c5 Kh7 36. Qe2 g5 37. hxg5 Bxg5 38. f4 Bf6 39. Qxh5+ Kg8 40. Qg6+ Bg7 41. Qg5 Qf7 42. Qe7 Qa2 43. Qe8+ Kh7 44. Qh5+ Kg8 45. Qxf5 Bc3 46. Kf1 Qa1+ 47. Ke2 Qe1+ 48. Kf3 Qf1+ 49. Kg4 Qe2+ 50. Kg5 Qe7+ 51. Kh5 Qe8+ 52. Qg6+ Bg7 53. Qxe8+ 1-0

[Event "4NCL Online Division 3"]
[Site "online"]
[Date "2021.11.16"]
[EventDate "2021.11.16"]
[Round "7.121"]
[White "Kynoch, Richard"]
[WhiteElo "1862"]
[WhiteTeam "Dundee City B"]
[Black "George, Ian M"]
[BlackElo "1844"]
[BlackTeam "Camborne Trevithick"]
[Result "0-1"]
[PlyCount "84"]

1. e4 c5 2. Nc3 Nc6 3. Bb5 Nd4 4. Nf3 g6 5. Bc4 Nxf3+ 6. Qxf3 e6 7. d3 Bg7 8. Nb5 d6 9. Bf4 Be5 10. O-O-O a6 11. Nc3 Ne7 12. Bxe5 dxe5 13. Qf6 O-O 14. Qxe5 b5 15. Bb3 Qb6 16. Qf6 Nc6 17. h4 Qd8 18. Qf4 Nd4 19. Qh6 a5 20. h5 Ra7 21. a4 b4 22. Nb5 Nxb5 23. axb5 Qe7 24. f4 a4 25. Bc4 Qf6 26. e5 Qe7 27. f5 gxf5 28. g4 fxg4 29. Rdg1 f5 30. exf6 Qxf6 31. Rxg4+ Rg7 32. Rxg7+ Qxg7 33. Bxe6+ Bxe6 34. Qxe6+ Kh8 35. Qe3 a3 36. bxa3 Qa1+ 37. Kd2 Qxh1 38. Qxc5 Qg2+ 39. Kc1 Rf1+ 40. Kb2 bxa3+ 41. Qxa3 Qg7+ 42. Qc3 Rb1+ 0-1

[Event "4NCL Online Division 3"]
[Site "online"]
[Date "2021.11.16"]
[EventDate "2021.11.16"]
[Round "7.122"]
[White "Clark, Richard"]
[WhiteElo "1871"]
[WhiteTeam "Camborne Trevithick"]
[Black "Babin, Andre"]
[BlackElo "1863"]
[BlackTeam "Dundee City B"]
[Result "0-1"]
[PlyCount "108"]

1. b4 e5 2. Bb2 d6 3. Nf3 Nf6 4. e3 g6 5. c4 Bg7 6. Nc3 O-O 7. Rc1 a5 8. b5 Bg4 9. h3 Bxf3 10. Qxf3 c6 11. a4 d5 12. Be2 Qd6 13. O-O Nbd7 14. cxd5 cxd5 15. Rc2 d4 16. exd4 exd4 17. Ne4 Nxe4 18. Qxe4 Rfe8 19. Qf3 Rxe2 20. Qxb7 Rae8 21. Rc7 Ne5 22. f4 Nd3 23. Rxf7 R2e7 24. Rxe7 Qxe7 25. Qxe7 Rxe7 26. Ba3 Re8 27. g3 Bf8 28. Bxf8 Rxf8 29. Rb1 Kf7 30. b6 Nb4 31. Rc1 Ke6 32. Rc5 Rb8 33. Rxa5 Rxb6 34. Re5+ Kd6 35. a5 Ra6 36. Re8 Rxa5 37. Rd8+ Kc5 38. Rd7 Ra2 39. Rc7+ Kd5 40. Rxh7 Rxd2 41. Re7 Nc2 42. Re5+ Kc4 43. Re6 Ne3 44. Rxg6 Rg2+ 45. Kh1 d3 46. Re6 Rxg3 47. Kh2 Rg2+ 48. Kh1 Re2 49. Re4+ Kc3 50. Re8 Nd5 51. Rc8+ Kd4 52. Ra8 d2 53. Ra4+ Kd3 54. Ra3+ Nc3 0-1

[Event "4NCL Online Division 3"]
[Site "online"]
[Date "2021.11.16"]
[EventDate "2021.11.16"]
[Round "7.123"]
[White "Dawson, Euan"]
[WhiteElo "1847"]
[WhiteTeam "Dundee City B"]
[Black "Morgan, Jamie"]
[BlackElo "1754"]
[BlackTeam "Camborne Trevithick"]
[Result "0-1"]
[PlyCount "73"]

1. e4 c5 2. Nc3 g6 3. g3 Nc6 4. Bg2 Bg7 5. Nge2 e6 6. O-O Nge7 7. d3 O-O 8. Be3 Nd4 9. Nf4 d6 10. Rb1 Bd7 11. Nce2 Bc6 12. c3 Nb5 13. a4 Nc7 14. d4 cxd4 15. cxd4 d5 16. f3 e5 17. dxe5 Bxe5 18. Nd3 Bg7 19. e5 Nf5 20. Bf2 d4 21. Nb4 Ne3 22. Bxe3 dxe3 23. Nxc6 bxc6 24. f4 Nd5 25. Nd4 Qb6 26. Re1 Rac8 27. Kh1 Rfd8 28. a5 Qxa5 29. Nb3 Qb6 30. Qc2 Nb4 31. Qc4 Nd3 32. Re2 Bf8 33. Ra1 Rb8 34. Nc1 Nxb2 35. Ra6 Rd1+ 36. Bf1 Nxc4 37. Rxb6 0-1

[Event "4NCL Online Division 3"]
[Site "online"]
[Date "2021.11.16"]
[EventDate "2021.11.16"]
[Round "7.124"]
[White "Healey, Grant"]
[WhiteElo "1778"]
[WhiteTeam "Camborne Trevithick"]
[Black "Dawson, Alastair"]
[BlackElo "1833"]
[BlackTeam "Dundee City B"]
[Result "1-0"]
[PlyCount "99"]

1. g3 Nf6 2. Bg2 e6 3. Nh3 d5 4. d3 Be7 5. O-O O-O 6. f4 b5 7. Nd2 Bb7 8. e3 c5 9. Qe2 c4 10. Nf2 Qc7 11. e4 Nc6 12. e5 Nd7 13. c3 cxd3 14. Nxd3 a5 15. Nf3 Ba6 16. Qf2 Rac8 17. Bd2 b4 18. Nfe1 Nb6 19. cxb4 Nxb4 20. Rc1 Qb7 21. Bxb4 axb4 22. Qd2 Rxc1 23. Qxc1 Rc8 24. Qd2 Nc4 25. Qe2 Qb6+ 26. Kh1 Ne3 27. Rf3 d4 28. Rf2 b3 29. a3 Nxg2 30. Kxg2 Bb7+ 31. Kh3 Qb5 32. Qd1 Qd5 33. Nc1 Qe4 34. Nxb3 Qg6 35. Nf3 Bc6 36. Nbxd4 Rd8 37. Kg2 Bc5 38. Rd2 Qe4 39. Nxc6 Rxd2+ 40. Qxd2 Qxc6 41. b4 Bb6 42. g4 g6 43. Kg3 h5 44. gxh5 gxh5 45. Qg2 Qe4 46. Ng5 Qe3+ 47. Qf3 Qg1+ 48. Kh3 Bf2 49. Qg2 Qe1 50. Ne4+ 1-0

[Event "4NCL Online Division 3"]
[Site "online"]
[Date "2021.11.16"]
[EventDate "2021.11.16"]
[Round "7.131"]
[White "Dobbie, Graham"]
[WhiteElo "1823"]
[WhiteTeam "East Kilbride Strollers"]
[Black "Dasgupta, Avyukt"]
[BlackElo "1723"]
[BlackTeam "Watford Juniors A"]
[Result "1-0"]
[PlyCount "67"]

1. c4 Nf6 2. Nc3 e5 3. g3 Bc5 4. Bg2 d6 5. e3 Nc6 6. Nge2 Bg4 7. h3 Bh5 8. g4 Bg6 9. d4 exd4 10. exd4 Bb4 11. O-O O-O 12. Bg5 Bxc3 13. Nxc3 Qd7 14. f4 h6 15. Bxf6 gxf6 16. f5 Bh7 17. Nd5 Kg7 18. Qd2 Rfe8 19. Nf4 Bg6 20. fxg6 fxg6 21. Rae1 Qf7 22. Bd5 Qf8 23. Ne6+ Rxe6 24. Rxe6 Ne7 25. Rexf6 Qxf6 26. Rxf6 Kxf6 27. Qf4+ Kg7 28. Qf7+ Kh8 29. Qf6+ Kh7 30. Qxe7+ Kh8 31. Qf6+ Kh7 32. Bf7 h5 33. Qxg6+ Kh8 34. Qh6# 1-0

[Event "4NCL Online Division 3"]
[Site "online"]
[Date "2021.11.16"]
[EventDate "2021.11.16"]
[Round "7.132"]
[White "Keerthi Kumar, Advait"]
[WhiteElo "1415"]
[WhiteTeam "Watford Juniors A"]
[Black "Madhavan, Sanjith"]
[BlackElo "1699"]
[BlackTeam "East Kilbride Strollers"]
[Result "0-1"]
[PlyCount "132"]

1. e4 c6 2. d4 d5 3. e5 Bf5 4. Bd3 Bxd3 5. Qxd3 e6 6. Ne2 Nd7 7. O-O Ne7 8. c3 c5 9. Bg5 Qb6 10. Na3 c4 11. Qd2 h6 12. Be3 Nf5 13. Nc2 Be7 14. Ng3 Nxg3 15. fxg3 O-O 16. g4 f6 17. exf6 Nxf6 18. Qe2 Ne4 19. Rxf8+ Rxf8 20. Ne1 Bd6 21. Nf3 Qc7 22. Re1 b5 23. g5 hxg5 24. Ne5 Bxe5 25. dxe5 Qxe5 26. Bd4 Qf5 27. Bxa7 Ra8 28. Bd4 Rxa2 29. Qh5 Qf7 30. Qe2 Qe7 31. Be5 b4 32. cxb4 Qxb4 33. Rf1 Qe7 34. Qe3 Ra8 35. h3 Rf8 36. Rd1 Qf7 37. Kh2 Qf2 38. Qa3 g4 39. hxg4 Qh4+ 40. Qh3 Qxh3+ 41. gxh3 Rf2+ 42. Kg1 Re2 43. Ra1 Ng5 44. Bc3 Nxh3+ 45. Kf1 Rf2+ 46. Ke1 Rf8 47. Kd2 Ng5 48. Ke3 Nf3 49. Ra7 e5 50. Bb4 d4+ 51. Ke2 Ng1+ 52. Kd2 Rf2+ 53. Kd1 Rxb2 54. Bd6 e4 55. Be5 Nf3 56. Rxg7+ Kf8 57. Bf6 e3 58. Bxd4 e2+ 59. Kc1 e1=Q+ 60. Kxb2 Qd2+ 61. Ka1 Nxd4 62. Rb7 Qc3+ 63. Kb1 Qc2+ 64. Ka1 Nb3+ 65. Rxb3 cxb3 66. g5 Qa2# 0-1

[Event "4NCL Online Division 3"]
[Site "online"]
[Date "2021.11.16"]
[EventDate "2021.11.16"]
[Round "7.133"]
[White "Robertson, Jim"]
[WhiteElo "1703"]
[WhiteTeam "East Kilbride Strollers"]
[Black "Demjan, Denisz"]
[BlackElo "1383"]
[BlackTeam "Watford Juniors A"]
[Result "1-0"]
[PlyCount "47"]

1. d4 d5 2. e3 Nf6 3. f4 e6 4. Nf3 c5 5. c3 Nc6 6. Be2 Be7 7. Bd3 b6 8. Nbd2 Ng4 9. Qe2 Nf6 10. O-O h6 11. Ne5 Bb7 12. Ng4 O-O 13. Nxf6+ Bxf6 14. Nf3 Ne7 15. Ne5 Nc6 16. Qg4 Qe7 17. Bd2 c4 18. Bc2 b5 19. Rf3 a5 20. Rh3 Kh8 21. Ng6+ fxg6 22. Qxg6 Kg8 23. Qh7+ Kf7 24. Bg6# 1-0

[Event "4NCL Online Division 3"]
[Site "online"]
[Date "2021.11.16"]
[EventDate "2021.11.16"]
[Round "7.134"]
[White "George, Seb"]
[WhiteElo "1267"]
[WhiteTeam "Watford Juniors A"]
[Black "Stewart, Alastair G"]
[BlackElo "1576"]
[BlackTeam "East Kilbride Strollers"]
[Result "0-1"]
[PlyCount "56"]

1. e4 d5 2. Nf3 dxe4 3. Ng5 Bf5 4. Nc3 Nf6 5. Bc4 e6 6. Qe2 Qd4 7. O-O h6 8. Nb5 Qd7 9. Nh3 Bxh3 10. gxh3 Nc6 11. b4 a6 12. Nc3 Nd4 13. Qd1 Nf3+ 14. Kh1 Qd6 15. Qxf3 exf3 16. Bb2 Qf4 17. Rg1 Bd6 18. Rg3 Qxc4 19. d3 Qf4 20. Ne4 Nxe4 21. dxe4 O-O-O 22. Bxg7 Rhg8 23. e5 Bxe5 24. Bxe5 Qxe5 25. Rag1 Rxg3 26. Rxg3 Rd1+ 27. Rg1 Rxg1+ 28. Kxg1 Qe1# 0-1

[Event "4NCL Online Division 3"]
[Site "online"]
[Date "2021.11.16"]
[EventDate "2021.11.16"]
[Round "7.141"]
[White "Dean, Robert A"]
[WhiteElo "1758"]
[WhiteTeam "Bradford DCA Knights B"]
[Black "Lambton, David"]
[BlackElo "1891"]
[BlackTeam "Crewe AOL"]
[Result "1/2-1/2"]
[PlyCount "100"]

1. e4 c6 2. c4 d5 3. cxd5 cxd5 4. exd5 Nf6 5. Nc3 Nxd5 6. d4 Nc6 7. Nf3 Bg4 8. Bc4 Nf6 9. Qb3 e6 10. Qxb7 Bxf3 11. gxf3 Nxd4 12. Bb5+ Nxb5 13. Nxb5 Bb4+ 14. Kf1 O-O 15. Bf4 Nd7 16. Bc7 Qc8 17. Qe4 Be7 18. Kg2 a6 19. Bd6 Nf6 20. Qe5 Bxd6 21. Nxd6 Qb8 22. Rhd1 Rd8 23. Rd2 Ne8 24. Rad1 Nxd6 25. Rxd6 Rxd6 26. Qxd6 Qxd6 27. Rxd6 g6 28. Rb6 Kg7 29. b4 Ra7 30. a4 Kf6 31. Kg3 Ke5 32. b5 axb5 33. axb5 Kd5 34. Ra6 Rb7 35. b6 Kc6 36. Kg4 Rxb6 37. Rxb6+ Kxb6 38. Kg5 Kc6 39. Kf6 Kd6 40. Kxf7 Ke5 41. Kg7 Kf4 42. Kxh7 e5 43. Kxg6 Kxf3 44. h4 e4 45. h5 Kxf2 46. h6 e3 47. h7 e2 48. h8=Q e1=Q 49. Qh4+ Ke2 50. Qxe1+ Kxe1 1/2-1/2

[Event "4NCL Online Division 3"]
[Site "online"]
[Date "2021.11.16"]
[EventDate "2021.11.16"]
[Round "7.142"]
[White "Lockett, Karl"]
[WhiteElo "1817"]
[WhiteTeam "Crewe AOL"]
[Black "Clarke, Paul R H"]
[BlackElo "1699"]
[BlackTeam "Bradford DCA Knights B"]
[Result "0-1"]
[PlyCount "120"]

1. Nf3 d5 2. c4 c6 3. b3 Bf5 4. Bb2 e6 5. g3 Nf6 6. Bg2 Nbd7 7. O-O Be7 8. d3 h6 9. Nc3 O-O 10. Qc2 Rc8 11. e4 Bh7 12. Qe2 dxe4 13. Nxe4 Nxe4 14. dxe4 Nc5 15. Rad1 Qc7 16. Ne5 Bf6 17. f4 Rcd8 18. Ba3 Qb6 19. Kh1 Bxe5 20. fxe5 Qa5 21. Bc1 Nd7 22. Bf4 Nc5 23. Qg4 Kh8 24. Be3 Nd3 25. Qh5 Bg6 26. Qh4 Nxe5 27. Bd4 Kh7 28. b4 Qc7 29. Qf4 f6 30. Rd2 Rd7 31. Rfd1 Nxc4 32. Qxc7 Rxc7 33. Rd3 b6 34. Rc3 Nd6 35. e5 Nb5 36. Rxc6 Rxc6 37. Bxc6 Nxd4 38. Rxd4 fxe5 39. Rd7 Rf7 40. Rd2 Rc7 41. b5 Bf5 42. Kg1 Kg6 43. Kf2 Kf6 44. Ke3 Ke7 45. a4 Bg6 46. a5 Be8 47. axb6 axb6 48. Be4 Bxb5 49. Rb2 Rc5 50. Bh7 Kd6 51. Bg8 g5 52. Bf7 e4 53. Kxe4 Re5+ 54. Kd4 Rd5+ 55. Ke3 Rf5 56. Bg8 Kc6 57. Bh7 Re5+ 58. Kd4 Rd5+ 59. Ke4 Bd3+ 60. Ke3 Bxh7 0-1

[Event "4NCL Online Division 3"]
[Site "online"]
[Date "2021.11.16"]
[EventDate "2021.11.16"]
[Round "7.143"]
[White "Tait, Bill"]
[WhiteElo "1649"]
[WhiteTeam "Bradford DCA Knights B"]
[Black "Hulme, David I"]
[BlackElo "1752"]
[BlackTeam "Crewe AOL"]
[Result "0-1"]
[PlyCount "50"]

1. e4 e5 2. Nc3 Bb4 3. Bc4 c6 4. a3 Bxc3 5. bxc3 d5 6. exd5 cxd5 7. Bb3 Nc6 8. Nf3 Bg4 9. h3 Bh5 10. g4 Bg6 11. d3 e4 12. Nd4 exd3 13. cxd3 Qe7+ 14. Be3 Nxd4 15. cxd4 Nf6 16. Ba4+ Nd7 17. Qb3 O-O 18. Qxb7 Rfd8 19. Kd2 Rab8 20. Qc6 Nb6 21. Ke2 Rdc8 22. Qb5 Nxa4 23. Qxa4 Bxd3+ 24. Kd2 Rb2+ 25. Kxd3 Qe4# 0-1

[Event "4NCL Online Division 3"]
[Site "online"]
[Date "2021.11.16"]
[EventDate "2021.11.16"]
[Round "7.144"]
[White "Layhe, Simon"]
[WhiteElo "1690"]
[WhiteTeam "Crewe AOL"]
[Black "Gallagher, Dominic"]
[BlackElo "1595"]
[BlackTeam "Bradford DCA Knights B"]
[Result "1-0"]
[PlyCount "73"]

1. c4 e6 2. Nf3 d5 3. d4 Nf6 4. Nc3 c6 5. Bg5 Be7 6. e3 Nbd7 7. Bd3 dxc4 8. Bxc4 b5 9. Bd3 a6 10. O-O O-O 11. Rc1 Bb7 12. Qe2 Rc8 13. Rfd1 c5 14. dxc5 Bxc5 15. Bb1 Qe8 16. h3 h6 17. Bh4 Be7 18. Nd4 Ne5 19. b3 Nd5 20. Nxd5 Bxh4 21. Rxc8 Qxc8 22. Qh5 Bxd5 23. Qxh4 Qd8 24. Qg3 Qf6 25. Ne2 Rc8 26. f4 Ng6 27. e4 Bb7 28. e5 Qe7 29. Bxg6 fxg6 30. Qxg6 Qc5+ 31. Kf1 Bd5 32. Qd3 Qc6 33. Qg3 Qb7 34. Nd4 b4 35. Qg6 Rf8 36. Nxe6 Qb6 37. Qxg7# 1-0